Hazbin Hotel - Hell Is Forever Lyrics - Statistics

General Stats
  • This quiz has been taken 661 times
  • The average score is 296 of 408
Answer Stats
Hint Answer % Correct
I
99%
He-
98%
a
97%
Hell
97%
is
95%
for
93%
no
92%
the
92%
you
92%
You
92%
you-
92%
in
91%
it
91%
an
90%
forever,
90%
forever
90%
to
90%
To
90%
and
89%
And
89%
And,
89%
like
89%
not
89%
So
89%
we
89%
be
88%
me
85%
there
85%
they
85%
know
84%
of
84%
or
84%
time
82%
all
81%
but
81%
It's
81%
it's
81%
their
81%
Adam: Let
80%
there's
80%
There's
80%
us
80%
your
80%
sinners
79%
sinners?
79%
them
79%
'Cause
78%
'cause
78%
hear
78%
If
78%
if
78%
kill
78%
wait,
78%
wait
78%
what
78%
Charlie: What?
78%
extermination
77%
Extermination
77%
Right,
77%
right
77%
are
76%
Are
76%
lot
76%
stop
76%
year
76%
pot
75%
that
75%
That
75%
Up
75%
up
75%
you're
75%
black
74%
Charlie: Oh
74%
oh,
74%
Oh,
74%
Charlie: Well,
74%
Charlie: Well
74%
we'll
74%
white
74%
can
73%
chance
73%
climb
73%
day
73%
happy
73%
here
73%
Hotel,
73%
I'm
73%
just
73%
Adam: Just
73%
my
73%
rules
73%
Adam: Save
73%
whether
73%
At
72%
boil
72%
fuck
72%
Hazbin
72%
now
72%
Adam: Now
72%
Gates?
71%
letting
71%
out
71%
don't
70%
Had
70%
Hell's
70%
population
70%
when
70%
again
69%
better,
69%
better
69%
control
69%
precious
69%
Adam: Sorry
69%
try
69%
fight
68%
Charlie: Okay,
68%
Charlie: Okay
68%
down
67%
get
67%
got
67%
solo,
67%
suggesting
67%
sweetie,
67%
ladder
66%
once
66%
Pearly
66%
way
66%
yeah!
66%
guitar
65%
months!
65%
six
65%
souls
65%
tryin'
65%
until
65%
use
65%
back
64%
lives
64%
must
64%
winners?
64%
burnin'
63%
They're
63%
behave
62%
death?
62%
deserve
62%
eye
62%
fates
62%
have
62%
rather
62%
rehab
62%
taking
62%
Charlie: Where
62%
done
61%
fun
61%
Heaven,
61%
those
61%
question
60%
situation,
60%
toll
60%
week,
60%
been
59%
Adam: Can't
59%
Did
59%
did
59%
these
59%
trip
59%
annoying
58%
babe,
58%
bad
58%
breath
58%
cross
58%
Adam: Fair
58%
fair,
58%
getting
58%
I've
58%
myself!
58%
said
58%
ahead
57%
defyin'
57%
fly
57%
little
57%
next
57%
whole
57%
disappears!
56%
divine
56%
It'll
56%
meant
56%
with
56%
cunts
55%
cut
55%
dry
55%
they'd
55%
wasting
55%
'em
54%
goes,
54%
guys
54%
move
54%
suck
54%
cleanse
53%
join
53%
chillax
52%
give
52%
shit!
52%
through,
52%
imply
51%
before
50%
made
50%
shot
50%
slaughter
50%
feel
49%
Fuckin'
49%
ordainment
49%
chore
48%
determination
48%
should
48%
weren't
48%
attention
47%
hearing
47%
mention
47%
probably
47%
come
46%
dumb
44%
schlep
44%
guess
43%
wave
42%
Charlie: Uh,
41%
from?
39%
God...
39%
all's
38%
as
38%
endeavor,
36%
take
35%
look-
34%
Long
31%
actually,
29%
um
29%
people
25%
farwell
24%
Ugh,
23%
wheter
22%
chances
20%
didn't
19%
ahem
16%
Bow-now-now,
14%
ot
13%
da-ah-ah
7%
ypur
5%
now-now-n-now
4%
enteratainment!
3%
No matching quizzes found
Score Distribution
Percent of People with Each Score
Percentile by Number Answered
Your Score History
You have not taken this quiz